Quiz Star Wars #6 - Statistiques

Statistiques générales
  • Ce quiz a été pris 174 fois
    144 depuis la dernière actualisation
  • Le résultat moyen est 9 sur 10
Statistiques - réponses
Question Réponse % Correct
Comment s'appelle le Seigneur Sith qui manipule Anakin Skywalker dans "La Revanche des Sith"? Dark Sidious
100%
Que se passe-t-il pour Padmé Amidala à la fin du film ? Elle meurt en accouchant
100%
Quelle est la raison principale pour laquelle Anakin bascule du côté obscur ? Il veut sauver Padmé de la mort
100%
Qui est le Maître Jedi d'Anakin Skywalker ? Obi-Wan Kenobi
100%
Quelle est la planète où se déroule le duel final entre Anakin et Obi-Wan Kenobi ? Mustafar
98%
Comment s'appelle l'Ordre donné par Palpatine pour exterminer les Jedi ? Ordre 66
98%
Qui tue le Comte Dooku au début du film ? Anakin Skywalker
97%
Quel personnage est révélé comme étant le Seigneur site connu sous le nom de Dark Sidious ? Palpatine
97%
Qui devient le nouvel Empereur à la fin du film ? Dark Sidious
89%
Qui affronte l'Empereur Palpatine dans un duel au sabre laser ? Les deux derniers
36%
Aucun quiz correspondant
Distribution des résultats
% des personnes avec chaque résultat
Percentile par nombre de réponses
Votre historique - résultats
Vous n’avez pas pris ce quiz depuis la dernière actualisation